Royal tombs of Sipán (Record no. 9037)

MARC details
000 -CABECERA
campo de control de longitud fija 01249nam a2200313 a 4500
001 - NÚMERO DE CONTROL
campo de control BRL_224
005 - FECHA Y HORA DE LA ÚLTIMA TRANSACCIÓN
campo de control 20190320210637.0
008 - DATOS DE LONGITUD FIJA--INFORMACIÓN GENERAL
campo de control de longitud fija 930617s1993 u--ab####b---s000-0#eng-#
020 ## - NÚMERO INTERNACIONAL ESTÁNDAR DEL LIBRO
Número Internacional Estándar del Libro 0930741293
041 ## - CÓDIGO DE LENGUA
Código de lengua del texto/banda sonora o título independiente eng
044 ## - CÓDIGO DEL PAÍS DE LA ENTIDAD EDITORA/PRODUCTORA
Código MARC del país u
050 #4 - SIGNATURA TOPOGRÁFICA DE LA BIBLIOTECA DEL CONGRESO
Número de clasificación F3430.1.M6
Número de documento/Ítem .A48 1993
100 1# - ENTRADA PRINCIPAL--NOMBRE DE PERSONA
Nombre de persona Alva, Walter
9 (RLIN) 23281
245 10 - MENCIÓN DE TÍTULO
Título Royal tombs of Sipán
Mención de responsabilidad, etc. Walter Alva, Christopher B. Donnan.
260 ## - PUBLICACIÓN, DISTRIBUCIÓN, ETC.
Lugar de publicación, distribución, etc. Estados Unidos
Nombre del editor, distribuidor, etc. Fowler Museum of Cultural History, University of California
Fecha de publicación, distribución, etc. c1993
300 ## - DESCRIPCIÓN FÍSICA
Extensión 229 p.
Otras características físicas il. (algunas a color), mapas
Dimensiones 28 cm.
500 ## - NOTA GENERAL
Nota general Incluye índice de imágenes
500 ## - NOTA GENERAL
Nota general Catálogo de la exposición realizada en Fowler Museum of Cultural History, University of California, Los Angeles, the Museum of Fine Arts, Houston, American Museum of Natural History, New York and others.
500 ## - NOTA GENERAL
Nota general Au299
504 ## - NOTA DE BIBLIOGRAFÍA, ETC.
Nota de bibliografía, etc. Bibliografía: p. 228
650 14 - PUNTO DE ACCESO ADICIONAL DE MATERIA--TÉRMINO DE MATERIA
Término de materia o nombre geográfico como elemento de entrada Indígenas mochica
Subdivisión general Antigüedades
9 (RLIN) 23282
650 14 - PUNTO DE ACCESO ADICIONAL DE MATERIA--TÉRMINO DE MATERIA
Término de materia o nombre geográfico como elemento de entrada Indígenas mochica
Subdivisión general Reyes y gobernantes
9 (RLIN) 23283
650 14 - PUNTO DE ACCESO ADICIONAL DE MATERIA--TÉRMINO DE MATERIA
Término de materia o nombre geográfico como elemento de entrada Orfebrería mochica
Subdivisión de forma Exposiciones
9 (RLIN) 23284
651 #4 - PUNTO DE ACCESO ADICIONAL DE MATERIA--NOMBRE GEOGRÁFICO
Nombre geográfico Huaca Rajada, Sipán (Perú)
Subdivisión general Exposiciones
9 (RLIN) 23285
651 #4 - PUNTO DE ACCESO ADICIONAL DE MATERIA--NOMBRE GEOGRÁFICO
Nombre geográfico Sipán (Perú)
Subdivisión general Antigüedades
9 (RLIN) 23286
700 1# - PUNTO DE ACCESO ADICIONAL--NOMBRE DE PERSONA
Nombre de persona Donnan, Christopher B.
Término indicativo de función/relación coaut.
9 (RLIN) 23287
902 ## - CATALOGADOR
Iniciales GRL
942 ## - ELEMENTOS DE PUNTO DE ACCESO ADICIONAL (KOHA)
Fuente del sistema de clasificación o colocación Library of Congress Classification
Tipo de ítem Koha Libros
Holdings
Estado de retiro Estado de pérdida Estado dañado No para préstamo Localización permanente Ubicación/localización actual Fecha de adquisición Número de inventario Total de préstamos Signatura topográfica completa Código de barras Fecha visto por última vez Precio válido a partir de Tipo de ítem Koha
El ejemplar forma parte de la colección y puede ser consultado según las políticas vigentes.       Biblioteca Centro de Estudios Ruth D. Lechuga Biblioteca Centro de Estudios Ruth D. Lechuga 20/12/2012 Au299   F3430.1.M6 .A48 1993 (Au299) GRL00237 22/03/2019 22/03/2019 Libros